ՄԱՅՐ ԱԹՈՌ ՍՈՒՐԲ ԷՋՄԻԱԾԻՆ

«ՎԱՉԵ ԵՎ ԹԱՄԱՐ ՄԱՆՈՒԿՅԱՆ» ՄԱՏԵՆԱԴԱՐԱՆ

Ընտիր երկեր: (Record no. 77323)

MARC details
000 -LEADER
fixed length control field 00867nam a22002417a 4500
003 - CONTROL NUMBER IDENTIFIER
control field SEM
005 - DATE AND TIME OF LATEST TRANSACTION
control field 20260625170148.0
008 - FIXED-LENGTH DATA ELEMENTS--GENERAL INFORMATION
fixed length control field 260623m1987 ai ||||gr||||||01|||arm|d
040 ## - CATALOGING SOURCE
Original cataloging agency SEM
Transcribing agency SEM
041 ## - LANGUAGE CODE
Language code of text/sound track or separate title arm
080 ## - UNIVERSAL DECIMAL CLASSIFICATION NUMBER
Universal Decimal Classification number 891.981/Թ-15
100 ## - MAIN ENTRY--PERSONAL NAME
Personal name Թաթիկյան, Շահեն
245 ## - TITLE STATEMENT
Title Ընտիր երկեր:
Remainder of title Երկու հատորով /
Statement of responsibility, etc. Շ. Թաթիկյան
260 ## - PUBLICATION, DISTRIBUTION, ETC.
Place of publication, distribution, etc. Երևան :
Name of publisher, distributor, etc. Սովետ. գրող,
Date of publication, distribution, etc. 1987-
300 ## - PHYSICAL DESCRIPTION
Extent Հ. ;
Dimensions 21 սմ
505 ## - FORMATTED CONTENTS NOTE
Formatted contents note Հ. 1 -
Statement of responsibility /Խմբ.՝ Ա. Քիշոյան ; Առաջաբ.՝ Ս. Արզումանյան.-
Miscellaneous information 1987.- 750 էջ<br/>
505 ## - FORMATTED CONTENTS NOTE
Formatted contents note Հ. 2 -
Statement of responsibility /Խմբ.՝ Ա. Քիշոյան.-
Miscellaneous information 1987.- 750 էջ<br/>
650 ## - SUBJECT ADDED ENTRY--TOPICAL TERM
Topical term or geographic name entry element Հայ գրականություն
653 ## - INDEX TERM--UNCONTROLLED
Uncontrolled term ՍԷՄ
700 ## - ADDED ENTRY--PERSONAL NAME
Personal name Քիշոյան, Ա.
Relator term խմբ.
Relationship edt.
700 ## - ADDED ENTRY--PERSONAL NAME
Personal name Արզումանյան, Ս.
Relator term առաջաբ.
Relationship pref.
942 ## - ADDED ENTRY ELEMENTS (KOHA)
Source of classification or shelving scheme Universal Decimal Classification
Koha item type Գրքեր/Books
Suppress in OPAC No
Holdings
Withdrawn status Lost status Source of classification or shelving scheme Damaged status Not for loan Collection code Home library Current library Date acquired Cost, normal purchase price Serial Enumeration / chronology Inventory number Total Checkouts Full call number Barcode Date last seen Price effective from Koha item type Public note
    Universal Decimal Classification     Գրապահոց Մայր Աթոռ Սուրբ Էջմիածին «Վաչե և Թամար Մանուկյան» Մատենադարան Մայր Աթոռ Սուրբ Էջմիածին «Վաչե և Թամար Մանուկյան» Մատենադարան 23/06/2026 2500.00 Հ. 2 37503   891.981/Թ-15 37503 23/06/2026 23/06/2026 Գրքեր/Books Սպասարկվում է ընթերցասրահ
    Universal Decimal Classification     Գրապահոց Մայր Աթոռ Սուրբ Էջմիածին «Վաչե և Թամար Մանուկյան» Մատենադարան Մայր Աթոռ Սուրբ Էջմիածին «Վաչե և Թամար Մանուկյան» Մատենադարան 25/06/2026 3000.00 Հ․ 1 37492   891.981/Թ-15 37492 25/06/2026 25/06/2026 Գրքեր/Books Սպասարկվում է 30 օր